Zrušení a zánik společnosti (průvodce zánikem společnosti)

Salvato in:
Dettagli Bibliografici
Autore principale: Peštuka, František
Natura: Libro
Lingua:ceco
Pubblicazione: Praha EUROUNION 2003
Soggetti:
Tags: Aggiungi Tag
Nessun Tag, puoi essere il primo ad aggiungerne!!

MARC

LEADER 00000nam$a2200000$$$4500
001 0002355
005 20240313133657.2
020 |a 80-7317-018-3 
041 0 |a cze 
044 |a CZ 
245 1 0 |a Zrušení a zánik společnosti  |b (průvodce zánikem společnosti)  |c František Peštuka 
264 1 |a Praha  |b EUROUNION  |c 2003 
300 |a 227 s. 
610 2 0 |a zrušenie podniku 
610 2 0 |a likvidácia podniku 
610 2 0 |a transformácia podniku 
610 2 0 |a účtovníctvo 
610 2 0 |a konkurzy 
610 2 0 |a dane 
610 2 0 |a predpisy právne 
100 1 |a Peštuka, František